000 00476nam a2200193Ia 4500
005 20240823031306.0
008 240823s9999||||xx |||||||||||||| ||und||
020 _a81-8128-418-6
041 _aENGLISH
082 _A337 P6
100 _aGiancarlo Gandolfo
245 0 _aElements of International Economics
250 _a1st
260 _c2006
_bSpringer International Ed
500 _aYES
650 _aEconomics
_bManagement Studies
942 _cBK
999 _c190719
_d190719